[Event "Llobregat Garcia Memorial 7th"]
[Site "Llobregat"]
[Date "2016.04.09"]
[Round "1"]
[White "Capellades Subirana, Marc"]
[Black "Saez Ortega, Jose"]
[Result "1-0"]
[WhiteElo "2117"]
[BlackElo "1582"]
[PlyCount "27"]
[EventDate "2016.04.09"]
[EventType "swiss"]
[EventRounds "9"]
[EventCountry "ESP"]
[SourceTitle "EXT 2017"]
[Source "ChessBase"]
[SourceDate "2016.10.25"]
[SourceVersion "1"]
[SourceVersionDate "2016.10.25"]
[SourceQuality "1"]

1. e4 c5 2. Nf3 e6 3. d4 cxd4 4. Nxd4 Nf6 5. Nc3 Bb4 6. Bd3 Qb6 7. Be3 Qd8 8. 0-0 0-0 9. e5 Bxc3 10. exf6 Bxd4 11. Bxd4 g6 12. Qd2 Kh8 13. Bxg6 e5 14. Qh6 1-0

[Event "Barcelona La Lira op-B 14th"]
[Site "Barcelona"]
[Date "2011.07.26"]
[Round "4"]
[White "Perez Cuadrado, Eduardo"]
[Black "Saez Ortega, Jose"]
[Result "0-1"]
[WhiteElo "1690"]
[BlackElo "1667"]
[PlyCount "56"]
[EventDate "2011.07.23"]
[EventType "swiss"]
[EventRounds "9"]
[EventCountry "ESP"]
[SourceTitle "EXT 2024"]
[Source "ChessBase"]
[SourceDate "2023.10.10"]
[SourceVersion "1"]
[SourceVersionDate "2023.10.10"]
[SourceQuality "1"]

1. d4 d5 2. c4 e6 3. Nc3 Nf6 4. Bg5 Nbd7 5. e3 c6 6. cxd5 exd5 7. Bd3 Qa5 8. Qc2 h6 9. Bh4 Be7 10. Nf3 Qd8 11. h3 0-0 12. g4 Ne8 13. Bxe7 Qxe7 14. h4 Nd6 15. g5 h5 16. 0-0-0 Nb6 17. Ne5 Nd7 18. f4 Nxe5 19. dxe5 Ne8 20. Kb1 g6 21. Bxg6 fxg6 22. Qxg6+ Ng7 23. Rhf1 Bf5+ 24. Qxf5 Nxf5 25. e4 Ne3 26. f5 Nxd1 27. f6 Nxc3+ 28. bxc3 Qxe5 0-1

[Event "Llobregat op 3rd"]
[Site "Llobregat"]
[Date "2011.05.21"]
[Round "7"]
[White "Saez Ortega, Jose"]
[Black "Oliver Monfort, Sergio"]
[Result "1/2-1/2"]
[WhiteElo "1667"]
[BlackElo "1817"]
[PlyCount "126"]
[EventDate "2011.04.02"]
[EventType "swiss"]
[EventRounds "7"]
[EventCountry "ESP"]
[SourceTitle "CBM 142 Extra"]
[Source "ChessBase"]
[SourceDate "2011.06.27"]
[SourceVersion "1"]
[SourceVersionDate "2011.06.27"]
[SourceQuality "1"]

1. e4 d5 2. e5 c5 3. d4 cxd4 4. Qxd4 Nc6 5. Qf4 Qc7 6. Nf3 f6 7. exf6 Qxf4 8. Bxf4 Nxf6 9. c3 Bf5 10. Nbd2 e6 11. h3 Rd8 12. Nb3 Be7 13. Be2 0-0 14. 0-0 Ne4 15. Bh2 Bf6 16. Nfd4 Nxd4 17. cxd4 b6 18. Rac1 Bg5 19. f4 Bf6 20. Rc7 a5 21. a4 Nd6 22. g4 Rc8 23. Rxc8 Rxc8 24. gxf5 Rc2 25. Bd1 Rxb2 26. fxe6 Nc4 27. Re1 Kf8 28. f5 Bh4 29. e7+ Bxe7 30. Bg3 Bg5 31. Bf2 Bf4 32. Nc1 Bxc1 33. Bh5 g6 34. fxg6 hxg6 35. Bxg6 Kg7 36. Be8 Bd2 37. Re2 Rb1+ 38. Kg2 Ra1 39. Bc6 Bg5 40. Bxd5 Rxa4 41. Bc6 Rb4 42. h4 Bf6 43. d5 a4 44. Ra2 a3 45. d6 Rb2 46. Rxb2 axb2 47. Be4 Nxd6 48. Bd3 b5 49. Be1 Nc4 50. Bb4 Bxh4 51. Kf1 Bg3 52. Ke2 Bd6 53. Bc3+ Be5 54. Bb4 Kf6 55. Kd1 Ke6 56. Kc2 Kd5 57. Bh7 Bd6 58. Bg8+ Kc6 59. Bc3 b4 60. Bxb2 Nxb2 61. Kxb2 Kc5 62. Kb3 Be5 63. Bf7 Bf4 1/2-1/2

[Event "Llobregat op 3rd"]
[Site "Llobregat"]
[Date "2011.04.16"]
[Round "3"]
[White "Rueda Marquez, David Juan"]
[Black "Saez Ortega, Jose"]
[Result "1-0"]
[WhiteElo "2085"]
[BlackElo "1667"]
[PlyCount "47"]
[EventDate "2011.04.02"]
[EventType "swiss"]
[EventRounds "7"]
[EventCountry "ESP"]
[SourceTitle "CBM 142 Extra"]
[Source "ChessBase"]
[SourceDate "2011.06.27"]
[SourceVersion "1"]
[SourceVersionDate "2011.06.27"]
[SourceQuality "1"]

1. c4 c6 2. Nf3 e6 3. e4 Nf6 4. e5 Ng8 5. Nc3 a6 6. d4 h6 7. c5 b6 8. Ne4 bxc5 9. dxc5 Be7 10. Bd3 Bxc5 11. 0-0 Be7 12. Be3 d6 13. exd6 Bxd6 14. Qc2 Be7 15. Rfd1 Qc7 16. Bd4 Nf6 17. Be5 Qb6 18. Bd6 Nxe4 19. Bxe4 Bxd6 20. Rxd6 Bb7 21. Rad1 0-0 22. Ne5 Qb5 23. Bh7+ Kh8 24. Nxf7+ 1-0

[Event "Llobregat op 3rd"]
[Site "Llobregat"]
[Date "2011.04.02"]
[Round "1"]
[White "Rodriguez Regull, German"]
[Black "Saez Ortega, Jose"]
[Result "1/2-1/2"]
[WhiteElo "2025"]
[BlackElo "1667"]
[PlyCount "119"]
[EventDate "2011.04.02"]
[EventType "swiss"]
[EventRounds "7"]
[EventCountry "ESP"]
[SourceTitle "CBM 142 Extra"]
[Source "ChessBase"]
[SourceDate "2011.06.27"]
[SourceVersion "1"]
[SourceVersionDate "2011.06.27"]
[SourceQuality "1"]

1. e4 e5 2. Nf3 Nf6 3. Nxe5 d6 4. Nf3 Nxe4 5. d4 d5 6. Bd3 Bd6 7. 0-0 Bg4 8. Re1 f5 9. c4 0-0 10. cxd5 Bxh2+ 11. Kxh2 Nxf2 12. Qe2 Nxd3 13. Qe6+ Kh8 14. Bg5 Qd6+ 15. Qxd6 cxd6 16. Re6 Nxb2 17. Rxd6 Nc4 18. Re6 Nd7 19. Be7 Rfe8 20. Nc3 a6 21. Na4 f4 22. Ree1 Ne3 23. Bg5 Nxd5 24. Ne5 Nxe5 25. dxe5 h6 26. Bh4 Ne3 27. Rab1 Rxe5 28. Kg1 b5 29. Nc3 Rae8 30. Rb4 Nc4 31. Rf1 Rf5 32. Bf2 f3 33. a4 fxg2 34. Kxg2 Rf3 35. Rc1 Ref8 36. Ba7 R8f7 37. axb5 Bh3+ 38. Kh2 axb5 39. Nxb5 Ne3 40. Bxe3 Rxe3 41. Rb2 Bf1 42. Nd6 Rf4 43. Rc7 Re2+ 44. Rxe2 Bxe2 45. Kg3 Rf6 46. Nf7+ Kh7 47. Ne5 Re6 48. Kf4 Rf6+ 49. Kg3 Rf5 50. Re7 Bd1 51. Kh4 h5 52. Kg3 Kh6 53. Re6+ Rf6 54. Re7 Bb3 55. Re8 Kg5 56. Nf3+ Kh6 57. Rh8+ Kg6 58. Nh4+ Kg5 59. Nf3+ Kg6 60. Nh4+ 1/2-1/2

[Event "Barcelona Sant Marti op 04th"]
[Site "Barcelona"]
[Date "2002.04.13"]
[Round "2.2"]
[White "Saez Ortega, Jose"]
[Black "Daude Puvill, Antonio"]
[Result "0-1"]
[WhiteElo "1975"]
[BlackElo "2305"]
[PlyCount "86"]
[EventDate "2002.04.06"]
[EventType "swiss"]
[EventRounds "9"]
[EventCountry "ESP"]
[SourceTitle "EXT 2003"]
[Source "ChessBase"]
[SourceDate "2002.11.25"]
[SourceVersion "1"]
[SourceVersionDate "2002.11.25"]
[SourceQuality "1"]

1. e4 c5 2. Nf3 e6 3. d4 cxd4 4. Nxd4 Nf6 5. Nc3 Bb4 6. e5 Nd5 7. Bd2 Bxc3 8. bxc3 Qc7 9. Bd3 Qxe5+ 10. Qe2 Qxe2+ 11. Bxe2 a6 12. c4 Nf6 13. Bb4 Nc6 14. Nxc6 dxc6 15. Bf3 Bd7 16. 0-0 0-0-0 17. Rad1 e5 18. g3 Be6 19. Be2 Rxd1 20. Rxd1 Rd8 21. Rxd8+ Kxd8 22. f3 b6 23. Bc3 Nd7 24. a3 f6 25. Kf2 Nc5 26. Ke3 Nb7 27. f4 exf4+ 28. Kxf4 c5 29. Bf3 Nd6 30. Bd5 Kd7 31. a4 a5 32. g4 Ke7 33. h4 h6 34. h5 Bd7 35. Bb2 Bxa4 36. c3 Bb3 37. Bc1 Bxc4 38. Bc6 Be2 39. Bd5 Nc4 40. Bxc4 Bxc4 41. Ba3 Ke6 42. Ke4 Be2 43. Kf4 Kd5 0-1